=LDR 00000nam 2200000 4500 =001 INLIS000000000810075 =005 20251016032041 =035 ##$$a 0010-1025000058 =008 251016###########################0#ind## =245 ##$$a Sembilan Mutiara Faedah Tersembunyi /$c Ustadz Muhammad Abduh Tuasikal, M.Sc. =260 ##$:$b Rumaysho =082 ##$$a 297.5 =084 ##$$a 297.5 MUH s